LEADER 03264nam 2200601Ia 450 001 9910454703903321 005 20200520144314.0 010 $a1-281-72806-3 010 $a9786611728069 010 $a1-55250-380-1 035 $a(CKB)1000000000536586 035 $a(EBL)353173 035 $a(OCoLC)311865978 035 $a(MiAaPQ)EBC353173 035 $a(MiAaPQ)EBC3259383 035 $a(Au-PeEL)EBL353173 035 $a(CaPaEBR)ebr10255099 035 $a(CaONFJC)MIL172806 035 $a(EXLCZ)991000000000536586 100 $a20071120d2008 uy 0 101 0 $aeng 135 $aurcn||||||||| 200 00$aWater as a human right for the Middle East and North Africa$b[electronic resource] /$fedited by Asit K. Biswas, Eglal Rached and Cecilia Tortajada 210 $aLondon $cRoutledge$d2008 215 $a1 online resource (202 p.) 225 1 $aRoutledge studies in the growth economies of Asia 300 $aDescription based upon print version of record. 311 $a0-415-46135-9 320 $aIncludes bibliographical references and index. 327 $aContents; Foreword; 1 Water as a Human Right in the MENA Region: Challenges and Opportunities; 2 Human Rights to Water in North Africa and the Middle East: What is New and What is Not; What is Important and What is Not; 3 Right to Water: The Millennium Development Goals and Water in the MENA Region; 4 The Right to Water; 5 Water as a Human Right: The Palestinian Occupied Territories as an Example; 6 Water as a Human Right: The Understanding of Water Rights in Palestine; 7 Water as a Human Right: Towards Civil Society Globalization 327 $a8 Actualizing the Right to Water: An Egyptian Perspective for an Action Plan 9 Accountability and Rights in Right-based Approaches for Local Water Governance; 10 Towards a Human Rights Approach to Water in Lebanon: Implementation beyond 'Reform'; Index 330 $aAccess to safe drinking water and proper sanitation is essential for human survival and for maintenance of a decent quality of life. Currently, more than a billion people do not have access to safe drinking water and more than 2 billion people lack proper sanitation. In 1992, the United Nations proclaimed that water should be considered to be a human right. This position, however, has not been accepted by many developed and developing countries. This book systematically and comprehensively analyses the legal development of the concept of water as a human right:. Implications for national 410 0$aRoutledge studies in the growth economies of Asia. 606 $aWater rights$zMiddle East 606 $aWater rights$zAfrica, North 606 $aHuman rights$zMiddle East 606 $aHuman rights$zAfrica, North 608 $aElectronic books. 615 0$aWater rights 615 0$aWater rights 615 0$aHuman rights 615 0$aHuman rights 676 $a341.483 701 $aBiswas$b Asit K$0441238 701 $aRached$b Eglal$0922146 701 $aTortajada$b Cecilia$0922147 801 0$bMiAaPQ 801 1$bMiAaPQ 801 2$bMiAaPQ 906 $aBOOK 912 $a9910454703903321 996 $aWater as a human right for the Middle East and North Africa$92069290 997 $aUNINA LEADER 01056nam a2200301 i 4500 001 991001169969707536 005 20020507184531.0 008 991220s1998 us ||| | eng 020 $a0883855224 035 $ab10810481-39ule_inst 035 $aLE01308142$9ExL 040 $aDip.to Matematica$beng 082 0 $a516.9 084 $aAMS 51M10 100 1 $aCoxeter, Harold Scott Macdonald$041090 245 10$aNon-Euclidean geometry /$cH. S. M. Coxeter 250 $a6th ed. 260 $aWashington, D.C. :$bMathematical Association of America,$c1998 300 $axviii, 336 p. :$bill. ;$c22 cm 490 0 $aSpectrum series 500 $aIncludes bibliographical references and index 650 0$aNon-Euclidean geometry 907 $a.b10810481$b23-02-17$c28-06-02 912 $a991001169969707536 945 $aLE013 51M COX13 (1998)$g1$i2013000118741$lle013$o-$pE0.00$q-$rl$s- $t0$u9$v5$w9$x0$y.i10915783$z28-06-02 996 $aNon-euclidean geometry$9344153 997 $aUNISALENTO 998 $ale013$b01-01-99$cm$da $e-$feng$gus $h0$i1